Le neveu de Rameau
Gespeichert in:
| 1. Verfasser: | |
|---|---|
| Format: | Buch |
| Sprache: | Undetermined |
| Veröffentlicht: |
París, Francia
Larousse
1934
|
| Schlagworte: | |
| Tags: |
Tag hinzufügen
Keine Tags, Fügen Sie den ersten Tag hinzu!
|
MARC
| LEADER | 00000nam a2200000Ia 4500 | ||
|---|---|---|---|
| 008 | 170316s9999 xx 000 0 und d | ||
| 040 | |a cru BVZT | ||
| 090 | |a 840 D-10n | ||
| 100 | |a Diderot | ||
| 245 | |a Le neveu de Rameau | ||
| 260 | |a París, Francia | ||
| 260 | |b Larousse | ||
| 260 | |c 1934 | ||
| 300 | |a 95 páginas | ||
| 650 | |a LITERATURA FRANCESA | ||
| 999 | |c 7629 |d 7629 | ||
| 942 | |c 15 D |h 840 D-10n |2 z | ||
